Statistics for Countries that gained independence from the Soviet Union

Click here to take the quiz!

General Stats

  • This quiz has been taken 23 times
  • The average score is 14 of 15

Answer Stats

HintAnswer% Correct
August 25, 1991Belarus
100%
August 21, 1991Latvia
100%
March 11, 1990Lithuania
100%
August 27, 1991Moldova
100%
August 24, 1991Ukraine
100%
September 21, 1991Armenia
95%
August 30, 1991Azerbaijan
95%
August 20, 1991Estonia
95%
April 9, 1991Georgia
95%
December 16, 1991Kazakhstan
90%
August 31, 1991Kyrgyzstan
90%
September 9, 1991Tajikistan
90%
December 25, 1991Russia
85%
October 27, 1991Turkmenistan
85%
August 31, 1991Uzbekistan
85%

Score Distribution

Percentile by Number Answered

Percent of People with Each Score

Your Score History

You have not taken this quiz